<?xml version="1.0" encoding="UTF-8"?>
<record
    xmlns:xsi="http://www.w3.org/2001/XMLSchema-instance"
    xsi:schemaLocation="http://www.loc.gov/MARC21/slim http://www.loc.gov/standards/marcxml/schema/MARC21slim.xsd"
    xmlns="http://www.loc.gov/MARC21/slim">

  <leader>00770nam a22001937a 4500</leader>
  <controlfield tag="003">OSt</controlfield>
  <controlfield tag="005">20150124113257.0</controlfield>
  <controlfield tag="008">131128b        mx||||| |||| 00| 0 spa d</controlfield>
  <datafield tag="040" ind1=" " ind2=" ">
    <subfield code="c">UMSNH</subfield>
  </datafield>
  <datafield tag="050" ind1=" " ind2=" ">
    <subfield code="a">JL1224 </subfield>
    <subfield code="b">S63 1990</subfield>
  </datafield>
  <datafield tag="110" ind1="2" ind2=" ">
    <subfield code="a">Sociedad Mexicana de Geografia y Estadistica</subfield>
  </datafield>
  <datafield tag="245" ind1="1" ind2="0">
    <subfield code="a">Homenaje a la obra del Lic. Carlos Galvez Betancourt :</subfield>
    <subfield code="b">Tiempos de cambios / </subfield>
    <subfield code="c">Participantes Irene Alicia Suarez Sarabia ... [et al.] ; moderador Manuel Ramirez Reyes ; coord. Luis Bolland Carrere.</subfield>
  </datafield>
  <datafield tag="260" ind1=" " ind2=" ">
    <subfield code="a">Morelia. Mich., M&#xE9;xico : </subfield>
    <subfield code="b">Impresora publicitaria y editorial,</subfield>
    <subfield code="c">1990</subfield>
  </datafield>
  <datafield tag="300" ind1=" " ind2=" ">
    <subfield code="a">112 p. ; </subfield>
    <subfield code="c">28 cm. </subfield>
  </datafield>
  <datafield tag="650" ind1=" " ind2="4">
    <subfield code="a">Ciencia pol&#xED;tica</subfield>
    <subfield code="z">M&#xE9;xico</subfield>
  </datafield>
  <datafield tag="700" ind1="1" ind2=" ">
    <subfield code="a">Suarez Sarabia, Irene Alicia, </subfield>
    <subfield code="e">part.</subfield>
  </datafield>
  <datafield tag="700" ind1="1" ind2=" ">
    <subfield code="a">Ramirez Reyes, Manuel, </subfield>
    <subfield code="e">mod.</subfield>
  </datafield>
  <datafield tag="942" ind1=" " ind2=" ">
    <subfield code="2">lcc</subfield>
    <subfield code="c">LIB</subfield>
  </datafield>
  <datafield tag="999" ind1=" " ind2=" ">
    <subfield code="c">2829</subfield>
    <subfield code="d">2829</subfield>
  </datafield>
  <datafield tag="952" ind1=" " ind2=" ">
    <subfield code="0">0</subfield>
    <subfield code="1">0</subfield>
    <subfield code="2">lcc</subfield>
    <subfield code="4">0</subfield>
    <subfield code="7">0</subfield>
    <subfield code="a">HEM-021</subfield>
    <subfield code="b">HEM-021</subfield>
    <subfield code="c">GENERAL</subfield>
    <subfield code="d">2013-11-28</subfield>
    <subfield code="f">1</subfield>
    <subfield code="i">T</subfield>
    <subfield code="o">JL1224 S63 1990</subfield>
    <subfield code="p">hpu000000936</subfield>
    <subfield code="r">2013-11-28 00:00:00</subfield>
    <subfield code="t">1</subfield>
    <subfield code="w">2013-11-28</subfield>
    <subfield code="y">LIB</subfield>
  </datafield>
</record>
